| 000 | 00975nam a22002415a 4500 | ||
|---|---|---|---|
| 003 | OSt | ||
| 005 | 20170917114112.0 | ||
| 008 | 110123s1954 ua frb 000 0 ara d | ||
| 040 |
_aEG-ScBUE _bara _cEG-ScBUE |
||
| 082 | 0 | 4 |
_a182 _bأ هـ و _222 |
| 100 | 1 | _aأهواني ، أحمد فؤاد. | |
| 245 | 1 | 0 |
_aفجر الفلسفة اليونانية قبل سقراط / _cأحمد فؤاد الأهواني. |
| 246 | 3 | 4 |
_aفجر الفلسفة اليونانية قبل سقراط : _bمحاضرات ألقاها عام 1953 - 1954 |
| 250 | _aط. 1. | ||
| 260 |
_aالقاهرة : _bدار إحياء الكتب العربية، _c1954. |
||
| 300 |
_a212 ص. ؛ _c24 سم. |
||
| 500 | _aيشتمل على قائمة بالتصويبات. | ||
| 504 | _aيشتمل على إرجاعات ببليوجرافية. | ||
| 650 | 7 |
_aالفلسفة اليونانية _vمقالات ومحاضرات. _2BUEsh |
|
| 651 | _2BUEsh | ||
| 653 |
_bGGEN _cSeptember2017 |
||
| 942 |
_cBB _2ddc |
||
| 999 |
_c6023 _d6023 |
||